Marka na P - Statystyki

Ogólne statystyki
  • Ten quiz został rozwiązany 58 razy
  • Średni wynik to 4 z 10
Statystyki odpowiedzi
Odpowiedź % Poprawnych
Porsche
59%
Puma
56%
Peugeot
51%
Prada
41%
Pepsi
39%
Pepco
32%
Philips
32%
Panasonic
24%
Pull&bear
20%
Pudliszki
12%
Nie znaleziono quizów pasujących do podanych kryteriów
Rozkład punktacji
Procent ludzi z każdym wynikiem
Percentyl według liczby udzielonych odpowiedzi
Twoja historia wyników
Nie rozwiązałeś tego quizu